Una introduccin̤ al razonamiento

Detalles Bibliográficos
Autor principal: Toulmin, Stephen
Otros Autores: Rieke, Richard, Janik, Allan
Formato: eBook
Lenguaje:español
Publicado: Lima: Palestra Editores, 2018
Materias:
Acceso en línea:Acceso restringido

MARC

LEADER 00000nam a22000007a 4500
005 20190828025546.0
007 cr|||| ||||
008 190828s2018 pe |||||s|||| 00||0 spa d
020 |a 978-612-3250-24-9 
035 |a 24228 
040 |a vLex 
090 |c 9304  |d 9304 
100 1 |a Toulmin, Stephen 
245 1 0 |a Una introduccin̤ al razonamiento  |h [Recurso electrn̤ico] /  |c Stephen Toulmin, Richard Rieke, Allan Janik 
256 |a Servicio en ln̕ea 
260 |a Lima:  |b Palestra Editores,  |c 2018 
300 |a 1 recurso electrn̤ico 
506 1 |a Disponible solo en los productos indicados  |d vLex Global  |d vLex Global (Academic Edition, excluding Law Schools)  |d vLex Global (U.S. Academic Edition, Law Schools)  |d vLex Global (U.S. Academic Edition, excluding Law Schools)  |d vLex Global (Academic Edition, Law Schools) 
650 0 4 |a Derecho Constitucional  |z Per︢ 
650 0 4 |a Ciencias sociales  |z Per︢ 
700 1 |a Rieke, Richard 
700 1 |a Janik, Allan 
740 0 |a vLex Libros (Servicio en ln̕ea) 
856 4 0 |u http://vlex.com/source/introduccion-razonamiento-24228  |z Acceso restringido 
942 |c BOOK 
999 0 |a Constitutional Law 
999 0 |a Social sciences